[Event "Peterborough 4NCL Easter U2000 op"]
[Site "Peterborough"]
[Date "2024.04.01"]
[Round "6"]
[White "Burton, Sean"]
[Black "Tedd, Bernie"]
[Result "1/2-1/2"]
[WhiteElo "1827"]
[BlackElo "1707"]
[PlyCount "103"]
[EventDate "2024.03.29"]
[EventType "swiss"]
[EventRounds "7"]
[EventCountry "ENG"]
[SourceTitle "CB14_2024"]
[SourceDate "2024.04.01"]
[SourceVersion "1"]
[SourceVersionDate "2024.04.01"]
[SourceQuality "1"]

1. e4 d5 2. Nc3 dxe4 3. Nxe4 Qd5 4. Nc3 Qa5 5. Nf3 Nf6 6. d4 Bf5 7. Bd2 e6 8. Bc4 Bb4 9. 0-0 0-0 10. a3 Bxc3 11. Bxc3 Qb6 12. Qe2 Nbd7 13. b4 Qc6 14. Bb2 Qe4 15. Qxe4 Bxe4 16. Bb3 Bxf3 17. gxf3 Nd5 18. Rfe1 N7f6 19. c4 Nf4 20. Rad1 Nh3+ 21. Kg2 Nf4+ 22. Kh1 Nh3 23. Kg2 Nf4+ 24. Kf1 c6 25. a4 Rfd8 26. Bc1 Ng6 27. Bg5 h6 28. Bxf6 gxf6 29. Rd2 Rd6 30. c5 Rd7 31. Red1 Nh4 32. Ke2 Rad8 33. Bc2 Rd5 34. Be4 R5d7 35. f4 f5 36. Bh1 Ng6 37. Ke3 Ne7 38. b5 Nd5+ 39. Bxd5 exd5 40. bxc6 bxc6 41. Rb2 Re8+ 42. Kf3 Kg7 43. a5 Kf6 44. a6 Re4 45. Rb4 Rde7 46. Rd3 Re1 47. Re3 R7xe3+ 48. fxe3 Ra1 49. Rb7 Rxa6 50. Rc7 Kg6 51. Kg3 f6 52. Kf3 1/2-1/2